The Developing Child / Ninth Edition (Record no. 2263)
[ view plain ]
| 000 -LEADER | |
|---|---|
| fixed length control field | 01390cam a22002054a 4500 |
| 005 - ΗΜΕΡΟΜΗΝΙΑ ΚΑΙ ΩΡΑ ΤΕΛΕΥΤΑΙΑΣ ΕΝΗΜΕΡΩΣΗΣ | |
| Πεδίο ελέγχου | 20250605164035.0 |
| 008 - FIXED-LENGTH DATA ELEMENTS--GENERAL INFORMATION | |
| Πεδίο ελέγχου σταθερού μήκους | 250528s ||||||||||||||||||||||||d |
| 035 ## - SYSTEM CONTROL NUMBER | |
| System control number | 16800 |
| 020 ## - ISBN | |
| ISBN | 321047095 |
| 040 ## - ΠΗΓΗ ΚΑΤΑΛΟΓΟΓΡΑΦΗΣΗΣ | |
| Φορέας πρωτότυπης καταλογογράφησης | MC Athens Campus Library |
| Γλώσσα καταλογογράφησης | Ελληνικά, Μοντέρνα (1453-) |
| Modifying agency | MC Athens Campus Library |
| Κανόνες περιγραφικής καταλογογράφησης | AACR2 |
| 245 1# - ΤΙΤΛΟΣ ΚΑΙ ΔΗΛΩΣΗ ΥΠΕΥΘΥΝΟΤΗΤΑΣ | |
| Τίτλος | The Developing Child / Ninth Edition |
| 250 ## - EDITION STATEMENT | |
| Edition statement | 9th |
| 260 ## - PUBLICATION, DISTRIBUTION, ETC. | |
| Name of publisher, distributor, etc. | Allyn And Bacon, |
| Date of publication, distribution, etc. | 2000 |
| 300 ## - PHYSICAL DESCRIPTION | |
| Extent | 580 |
| 520 ## - SUMMARY, ETC. | |
| Summary, etc. | This book allows students to understand how theory and research are interconnected and how they apply to everyday life. Introduction, Basic Questions, The Beginnings of Life, Prenatal Development, Birth and the Newborn Child, The Physical Child, Physical Development, Perceptual Development, The Thinking Child, Cognitive Development I: Structure and Process, Cognitive Development II: Individual Difference in Cognitive Abilities, The Development of Language, The Social Child, Personality Development: Alternative Views, The Concept of Self in Children, The Development of Social Relationships, Thinking About Relationships: The Development of Social Cognition, The Whole Child, The Ecology of Development: The Child Within the Family System, Beyond the Family: The Impact of the Broader Culture, Atypical Development, Putting It All Together: The Developing Child, Glossary, References, Name and Subject Index. |
| 700 1# - ΠΡΟΣΘΕΤΗ ΑΝΑΓΡΑΦΗ--ΦΥΣΙΚΟ ΠΡΟΣΩΠΟ | |
| Personal name | Bee Helen |
| 9 (RLIN) | 2896 |
| 942 ## - ADDED ENTRY ELEMENTS (KOHA) | |
| Koha item type | Books |
| Τύπος τεκμηρίου | Βιβλιοθήκη | Τρέχουσα τοποθεσία | Barcode | Αριθμός εισαγωγής | Ημερομηνία απόκτησης | Ταξιθετικό σύμβολο | Αριθμός αντιτύπου | Κατάσταση απόσυρσης | Κατάσταση χαμένου | Κατάσταση κατεστραμμένου | Μη δανεισμός | Σύνολο δανεισμών | Ημερομηνία τελευταίας εμφάνισης | Η τιμή ισχύει από |
|---|---|---|---|---|---|---|---|---|---|---|---|---|---|---|
| Books | MC Athens Campus Library | MC Athens Campus Library | 9780000022622 | 5045 | 05/06/2025 | 155.4 BEE | 1 | 05/06/2025 | 05/06/2025 |